[Event "Rewal 2011 - Open B"]
[Site "Rewal"]
[Date "2011.08.22"]
[Round "3.10"]
[White "Lewtak, Damian"]
[Black "Cyboran, Katarzyna"]
[Result "1-0"]
[WhiteElo "2093"]
[BlackElo "1869"]
[EventDate "2011.??.??"]
[PlyCount "113"]

1.Nf3 e6 2.d4 f5 3.c4 Nf6 4.g3 Bb4+ 5.Nbd2 b6 6.Bg2 Bb7 7.O-O Bxd2 8.Qxd2 
Ne4 9.Qc2 Nc6 10.a3 O-O 11.b4 Qf6 12.Bb2 Qf7 13.d5 exd5 14.cxd5 Qxd5 15.
Rfd1 Qf7 16.b5 Na5 17.Qxc7 d6 18.Qxf7+ Kxf7 19.Nd4 g6 20.f3 Nf6 21.Rac1 
Rac8 22.Nc6 Bxc6 23.bxc6 Ke6 24.Bxf6 Rxf6 25.f4 Ke7 26.Bd5 Kd8 27.Rd3 Nb7 
28.c7+ Rxc7 29.Rxc7 Kxc7 30.Re3 Nc5 31.Re7+ Kb8 32.Rxh7 a5 33.Rh8+ Kc7 34.
Ra8 b5 35.Rxa5 Kb6 36.Ra8 Na6 37.Kf2 Nc7 38.Rb8+ Kc5 39.Rc8 Kxd5 40.Rxc7 
Kd4 41.Rc6 Re6 42.Ke1 Kd5 43.Rc3 Kd4 44.Rd3+ Kc4 45.Kd2 b4 46.axb4 Kxb4 
47.Re3 Rf6 48.Rc3 Re6 49.Rc8 Re4 50.e3 Rc4 51.Rg8 Kb3 52.Rxg6 Rc2+ 53.Kd3 
Rxh2 54.Rxd6 Rg2 55.Rf6 Rxg3 56.Rxf5 Kb4 57.Rd5 1-0

[Event "Rewal 2011 - Open B"]
[Site "Rewal"]
[Date "2011.08.22"]
[Round "3.11"]
[White "Adamczyk, Piotr"]
[Black "Nikitin, Aleksander I"]
[Result "0-1"]
[WhiteElo "1889"]
[BlackElo "2081"]
[EventDate "2011.??.??"]
[PlyCount "90"]

1.e4 d5 2.exd5 Qxd5 3.Nc3 Qd8 4.d4 Nf6 5.Nf3 Bg4 6.h3 Bxf3 7.Qxf3 c6 8.Be3
e6 9.a3 Qa5 10.Rb1 Nbd7 11.Bd3 Be7 12.O-O O-O 13.Ne2 Rfd8 14.Bf4 Nf8 15.b4
Qd5 16.Qe3 Qd7 17.c4 b5 18.Rfc1 Rac8 19.g4 a6 20.Rd1 Qa7 21.Qf3 bxc4 22.
Bxc4 Nd5 23.Be5 Ng6 24.Bg3 Bf6 25.Qe4 a5 26.bxa5 Qxa5 27.Rb3 Qa4 28.Bxd5 
Rxd5 29.Rbd3 Qa6 30.f4 Ra5 31.f5 exf5 32.gxf5 Ne7 33.Be5 Nd5 34.Bd6 Qa8 
35.Bc5 Re8 36.Qg4 Ne3 37.Qf3 Nxd1 38.Rxd1 Be7 39.Bxe7 Rxe7 40.f6 Re6 41.
fxg7 Rxa3 42.Rd3 Ra1+ 43.Kf2 Qb8 44.Nf4 Rf6 45.Re3 Rxf4 0-1

[Event "Rewal 2011 - Open B"]
[Site "Rewal"]
[Date "2011.08.22"]
[Round "3.12"]
[White "Stankowski, Aleksander"]
[Black "Borowicz, Przemyslaw"]
[Result "1/2-1/2"]
[WhiteElo "1863"]
[BlackElo "1989"]
[EventDate "2011.??.??"]
[PlyCount "85"]

1.Nf3 d5 2.g3 Nf6 3.Bg2 c6 4.O-O Bf5 5.d3 Nbd7 6.Nh4 e6 7.Nxf5 exf5 8.Bh3 
g6 9.Nd2 Bg7 10.Nf3 O-O 11.c3 Re8 12.Bf4 Nh5 13.Be3 Qc7 14.Qd2 c5 15.Rfe1 
Re7 16.Bh6 Rae8 17.Bxg7 Kxg7 18.Bxf5 Ne5 19.Nxe5 Rxe5 20.Bg4 Nf6 21.Bf3 g5
22.h3 h5 23.Bg2 g4 24.h4 Qe7 25.Rac1 Kh7 26.Rc2 Rf5 27.b4 b6 28.bxc5 Qxc5 
29.e3 Qd6 30.c4 d4 31.e4 Ra5 32.Rb1 Nd7 33.Rb5 Rxb5 34.cxb5 Nc5 35.Rc4 Qf6
36.a4 Rd8 37.Qc2 Qe5 38.Qd1 Rg8 39.Bf1 Rg6 40.Qc2 Rf6 41.Kg2 Rd6 42.a5 f5 
43.axb6 1/2-1/2

[Event "Rewal 2011 - Open B"]
[Site "Rewal"]
[Date "2011.08.22"]
[Round "3.13"]
[White "Botor, Michal"]
[Black "Statucki, Maciej"]
[Result "1-0"]
[WhiteElo "1987"]
[BlackElo "1817"]
[EventDate "2011.??.??"]
[PlyCount "75"]

1.e4 c5 2.g3 Nc6 3.d3 g6 4.Bg2 Bg7 5.Ne2 e6 6.O-O Nge7 7.Nd2 O-O 8.f4 d5 
9.Nf3 f5 10.e5 Rb8 11.c3 b5 12.Be3 c4 13.Bc5 a5 14.Bd6 Rb6 15.Ned4 Re8 16.
Rf2 Nxd4 17.Nxd4 Nc6 18.Bc5 Nxd4 19.Bxb6 Qxb6 20.cxd4 Qxd4 21.dxc4 Qxd1+ 
22.Rxd1 bxc4 23.b3 Ba6 24.Bf1 Bf8 25.Rc2 Bc5+ 26.Kh1 Bb5 27.Rb1 Bc6 28.Bg2
Be3 29.Re1 Ba7 30.Bf3 Bb5 31.bxc4 Bxc4 32.Be2 Bxe2 33.Rcxe2 d4 34.Rd1 Rd8 
35.Kg2 Rd5 36.Rb2 Bc5 37.Rb5 Kf7 38.Rxa5 1-0

[Event "Rewal 2011 - Open B"]
[Site "Rewal"]
[Date "2011.08.22"]
[Round "3.14"]
[White "Cieslar, Michal"]
[Black "Radzicki, Wieslaw"]
[Result "1-0"]
[WhiteElo "1966"]
[BlackElo "1820"]
[EventDate "2011.??.??"]
[PlyCount "126"]

1.e4 e5 2.Nf3 Nf6 3.Nc3 d6 4.Bc4 Be7 5.d4 Nbd7 6.dxe5 dxe5 7.Qe2 O-O 8.Bg5
c6 9.Rd1 Qc7 10.a4 h6 11.Bh4 a6 12.Bg3 b5 13.Bb3 b4 14.Nb1 Bd6 15.O-O Nc5 
16.Rxd6 Qxd6 17.Nxe5 Qe7 18.Nxc6 Qxe4 19.Qxe4 Nfxe4 20.Nxb4 Nxg3 21.hxg3 
Be6 22.Bxe6 fxe6 23.Re1 Rfd8 24.Nd3 Rd6 25.Na3 Rc8 26.f3 Nd7 27.Re4 Nf8 
28.Nc4 Rdd8 29.b3 Rc7 30.Kf2 Rd5 31.Ke2 Kf7 32.Nb4 Rg5 33.Nxa6 Ra7 34.Nb4 
Rxg3 35.Ne3 Rg5 36.Nc6 Ra8 37.Rc4 Nd7 38.f4 Rh5 39.a5 g5 40.b4 gxf4 41.
Rxf4+ Ke8 42.Nc4 Nb8 43.Nb6 Nxc6 44.Nxa8 e5 45.Re4 Rg5 46.g4 h5 47.gxh5 
Rxh5 48.Kd3 Nd4 49.c3 Nb5 50.Re2 Rh3+ 51.Kc4 Nxc3 52.Rxe5+ Kd8 53.Nb6 Na2 
54.Re2 Rh4+ 55.Kc5 Nxb4 56.Rd2+ Kc7 57.Na4 Kb7 58.Rd7+ Kb8 59.Rd8+ Kb7 60.
Rd7+ Kb8 61.Rd8+ Kb7 62.Nb2 Nc6 63.Nc4 Na7 1-0

[Event "Rewal 2011 - Open B"]
[Site "Rewal"]
[Date "2011.08.22"]
[Round "3.15"]
[White "Wielek, Thomas"]
[Black "Kosny, Marek"]
[Result "1-0"]
[WhiteElo "1787"]
[BlackElo "1945"]
[EventDate "2011.??.??"]
[PlyCount "65"]

1.e4 Nf6 2.Nc3 d5 3.e5 d4 4.exf6 dxc3 5.bxc3 exf6 6.d4 Bd6 7.Bd3 O-O 8.Ne2
c5 9.O-O Bg4 10.Be4 Re8 11.f3 Qc7 12.Rb1 Bc8 13.Ba3 Bxh2+ 14.Kh1 Bd6 15.
dxc5 Bf8 16.Qd3 g6 17.Nd4 Nc6 18.Nb5 Qg3 19.f4 Qh4+ 20.Kg1 Be6 21.c4 Red8 
22.Bd5 Ne7 23.Nc7 Rab8 24.Nxe6 fxe6 25.Bxe6+ Kg7 26.Qh3 Qxh3 27.gxh3 Rd2 
28.Rf2 Rbd8 29.Rxd2 Rxd2 30.Rxb7 Kh6 31.c6 Nxc6 32.Bxf8+ Kh5 33.Rxh7# 1-0

[Event "Rewal 2011 - Open B"]
[Site "Rewal"]
[Date "2011.08.22"]
[Round "3.16"]
[White "Faron, Rafal"]
[Black "Swiech, Piotr"]
[Result "0-1"]
[WhiteElo "1816"]
[BlackElo "1929"]
[EventDate "2011.??.??"]
[PlyCount "76"]

1.d4 Nf6 2.c4 c5 3.d5 b5 4.a4 bxc4 5.Nc3 g6 6.e4 d6 7.f4 Bg7 8.Nf3 Na6 9.
Bxc4 Nb4 10.O-O O-O 11.h3 e6 12.Be3 exd5 13.Nxd5 Nfxd5 14.Bxd5 Nxd5 15.
Qxd5 Be6 16.Qd2 Qb6 17.e5 Rfd8 18.Qf2 Bf8 19.Ng5 d5 20.f5 gxf5 21.Qh4 h6 
22.Rf3 Bg7 23.Rg3 hxg5 24.Bxg5 Kf8 25.Be7+ Ke8 26.Bxd8 Rxd8 27.Rxg7 Kd7 
28.Qf2 c4 29.Qxb6 axb6 30.Kf2 Kc6 31.a5 bxa5 32.Rxa5 Rb8 33.Ra6+ Kc5 34.
Ra2 d4 35.Rg3 c3 36.Ra1 Rxb2+ 37.Ke1 Bc4 38.Ra3 Rb1+ 0-1

[Event "Rewal 2011 - Open B"]
[Site "Rewal"]
[Date "2011.08.22"]
[Round "3.17"]
[White "Jedras, Piotr"]
[Black "Lizak, Jakub"]
[Result "0-1"]
[WhiteElo "1919"]
[BlackElo "1772"]
[EventDate "2011.??.??"]
[PlyCount "88"]

1.e4 c5 2.Nf3 Nc6 3.d4 cxd4 4.Nxd4 Nf6 5.Nc3 e5 6.Ndb5 d6 7.Bg5 a6 8.Na3 
b5 9.Nd5 Be7 10.Bxf6 Bxf6 11.c3 Bg5 12.Nc2 O-O 13.a4 bxa4 14.Rxa4 a5 15.
Bc4 Rb8 16.Ra2 Kh8 17.Nce3 Bxe3 18.Nxe3 Ne7 19.O-O f5 20.Nxf5 Nxf5 21.exf5
Bxf5 22.Qd5 Rc8 23.Rd1 Qh4 24.b3 Be4 25.Qd2 d5 26.Bf1 Qf6 27.Kh1 Qb6 28.b4
axb4 29.cxb4 d4 30.Rda1 d3 31.f3 Bg6 32.Ra6 Qd4 33.b5 e4 34.fxe4 Bxe4 35.
Re1 Rc2 36.Qg5 h6 37.Qg3 d2 38.Rd1 Rc1 39.h4 Rxd1 40.Kh2 Rdxf1 41.h5 Qg1+ 
42.Kh3 Bf5+ 43.Kh4 Qd4+ 44.Qg4 Qxg4# 0-1

[Event "Rewal 2011 - Open B"]
[Site "Rewal"]
[Date "2011.08.22"]
[Round "3.18"]
[White "Karwowski, Kacper"]
[Black "Czernicki, Bogdan"]
[Result "1-0"]
[WhiteElo "1729"]
[BlackElo "1916"]
[EventDate "2011.??.??"]
[PlyCount "111"]

1.e4 c5 2.Nf3 Nc6 3.d4 cxd4 4.Nxd4 e5 5.Nb5 a6 6.Nd6+ Bxd6 7.Qxd6 Qf6 8.
Qxf6 Nxf6 9.Nc3 d5 10.exd5 Nb4 11.Bd3 Nfxd5 12.Nxd5 Nxd5 13.O-O O-O 14.Re1
f6 15.Bd2 Kh8 16.c4 Ne7 17.Bb4 Re8 18.Rad1 Nc6 19.Ba3 Be6 20.b3 Rad8 21.
Be4 Kg8 22.Bxc6 bxc6 23.Bd6 Rd7 24.c5 Kf7 25.Re4 Rb7 26.Ra4 Ra8 27.Rb1 h5 
28.Kf1 g5 29.Ke2 Bd5 30.f3 h4 31.h3 Ke6 32.Kd2 Raa7 33.Kc3 f5 34.Ra5 e4 
35.fxe4 Bxe4 36.Re1 Kf6 37.Re2 Rg7 38.Ra4 g4 39.Rb4 gxh3 40.gxh3 Rg1 41.
Rf2 Ke6 42.Rb8 Rc1+ 43.Kb2 Rb1+ 44.Ka3 Rh1 45.Re8+ Kf6 46.Rxe4 Rxh3 47.
Ref4 Rh7 48.Rxf5+ Ke6 49.Rf6+ Kd5 50.Rf8 Rd3 51.Rh2 h3 52.Ra8 Rd1 53.Rxa6 
Rg1 54.Ra4 Rg2 55.Rxg2 hxg2 56.Rg4 1-0

[Event "Rewal 2011 - Open B"]
[Site "Rewal"]
[Date "2011.08.22"]
[Round "3.19"]
[White "Miechowicz, Witold"]
[Black "Mirski, Michal"]
[Result "1-0"]
[WhiteElo "1916"]
[BlackElo "1776"]
[EventDate "2011.??.??"]
[PlyCount "63"]

1.e4 c5 2.Nf3 d6 3.c3 Nf6 4.Bd3 Bd7 5.Bc2 Bc6 6.Qe2 e6 7.O-O Be7 8.d4 Nbd7
9.Re1 b6 10.Nbd2 Bb7 11.a3 O-O 12.e5 Ne8 13.Ne4 cxd4 14.cxd4 dxe5 15.dxe5 
Nc5 16.Nxc5 Bxf3 17.Qxf3 Bxc5 18.Rd1 Qc8 19.b4 Bxb4 20.Qd3 g6 21.axb4 Nc7 
22.Bb3 Qb7 23.Bh6 Rfc8 24.Rac1 Na6 25.Rc4 b5 26.Rd4 Qb6 27.Bg5 h5 28.Bf6 
Rab8 29.Rd6 Qb7 30.Rd4 Nc7 31.Qd2 Kh7 32.Rd7 1-0

[Event "Rewal 2011 - Open B"]
[Site "Rewal"]
[Date "2011.08.22"]
[Round "3.20"]
[White "Szusterowski, Przemyslaw"]
[Black "Tomczak, Mikolaj"]
[Result "1-0"]
[WhiteElo "1916"]
[BlackElo "1693"]
[EventDate "2011.??.??"]
[PlyCount "117"]

1.d4 Nf6 2.c4 c5 3.d5 b5 4.cxb5 a6 5.bxa6 Bxa6 6.Nf3 d6 7.g3 g6 8.Bg2 Bg7 
9.Nc3 O-O 10.O-O Nbd7 11.Rb1 Qb6 12.Qc2 Bc4 13.Nd2 Ba6 14.b3 Rfb8 15.Bb2 
Qc7 16.Nc4 Ng4 17.Bh3 Nge5 18.Nxe5 Nxe5 19.Ne4 Bb5 20.f4 Nd7 21.Bxg7 Kxg7 
22.Nc3 Ba6 23.Rfc1 Rb5 24.a3 Rbb8 25.Kh1 Bb5 26.Nxb5 Rxb5 27.b4 Nf6 28.a4 
Rb6 29.Bg2 Nd7 30.a5 Rb5 31.e4 Qb7 32.a6 Qb6 33.Qb2+ f6 34.bxc5 Rxb2 35.
cxb6 Rxb6 36.Rxb6 Nxb6 37.Bf1 Ra7 38.Bb5 f5 39.Rc6 Nd7 40.exf5 gxf5 41.Kg2
Kf6 42.Kf3 Nc5 43.Ke3 Kf7 44.Kd4 Nb3+ 45.Kc3 Nc5 46.Kb4 Nd7 47.Ka5 Ra8 48.
Rc7 Nc5 49.a7 Nb3+ 50.Kb4 Nc5 51.Ka5 Nb3+ 52.Kb6 Nd4 53.Bc6 Nxc6 54.dxc6 
Ke8 55.Kb7 Kd8 56.Rd7+ Ke8 57.Kxa8 e5 58.Kb7 e4 59.a8=Q# 1-0

[Event "Rewal 2011 - Open B"]
[Site "Rewal"]
[Date "2011.08.22"]
[Round "3.21"]
[White "Szmer, Aleksander"]
[Black "Bes, Michal"]
[Result "1/2-1/2"]
[WhiteElo "1618"]
[BlackElo "1906"]
[EventDate "2011.??.??"]
[PlyCount "100"]

1.e4 b6 2.d4 Bb7 3.Nc3 e5 4.dxe5 Bb4 5.Bd3 Qe7 6.Nf3 f6 7.exf6 Nxf6 8.O-O 
Bxc3 9.bxc3 Nxe4 10.Re1 O-O 11.Ng5 Nxf2 12.Rxe7 Nxd1 13.Nxh7 Nc6 14.Nxf8 
Nxe7 15.Nxd7 Nxc3 16.Bf4 Ned5 17.Bc4 Ne2+ 18.Bxe2 Nxf4 19.Bf1 Re8 20.g3 
Ne2+ 21.Kf2 Nc3 22.Bc4+ Kh8 23.Re1 Ne4+ 24.Kg1 Rd8 25.Ne5 Rd2 26.Nf7+ Kh7 
27.Bd3 Kg8 28.Nd8 Bd5 29.Bxe4 Bxe4 30.Rxe4 Rxd8 31.Re7 Rd4 32.Rxc7 Ra4 33.
Kg2 Rxa2 34.Kf3 Kh7 35.Kg4 a5 36.Rb7 Rxc2 37.Rxb6 Rxh2 38.Ra6 Ra2 39.Kg5 
Ra4 40.g4 Ra1 41.Ra7 a4 42.Ra6 a3 43.Ra7 Ra2 44.Ra6 Ra1 45.Ra7 a2 46.Ra8 
g6 47.Ra7+ Kg8 48.Kxg6 Kf8 49.g5 Ke8 50.Kg7 Rg1 1/2-1/2

[Event "Rewal 2011 - Open B"]
[Site "Rewal"]
[Date "2011.08.22"]
[Round "3.22"]
[White "Krzysztofiak, Zdzislaw"]
[Black "Sliwicki, Damian"]
[Result "1/2-1/2"]
[WhiteElo "1656"]
[BlackElo "1899"]
[EventDate "2011.??.??"]
[PlyCount "50"]

1.e4 c5 2.Nf3 Nc6 3.Bc4 e6 4.Nc3 Nf6 5.d4 d5 6.exd5 exd5 7.Bb5 a6 8.Bxc6+ 
bxc6 9.O-O cxd4 10.Qxd4 Be7 11.Re1 O-O 12.Bg5 h6 13.Bh4 Bf5 14.Qe5 Be6 15.
Nd4 Bd6 16.Nxe6 Bxe5 17.Nxd8 Bxc3 18.bxc3 Rfxd8 19.Bxf6 gxf6 20.Rab1 Rab8 
21.Kf1 Rb5 22.Rb3 Rdb8 23.Re7 a5 24.Ra7 Kg7 25.Ke2 f5 1/2-1/2

[Event "Rewal 2011 - Open B"]
[Site "Rewal"]
[Date "2011.08.22"]
[Round "3.23"]
[White "Skomial, Mateusz"]
[Black "Dzierzak, Radoslaw"]
[Result "0-1"]
[WhiteElo "2068"]
[BlackElo "1813"]
[EventDate "2011.??.??"]
[PlyCount "48"]

1.e4 c5 2.Nf3 d6 3.d4 cxd4 4.Nxd4 Nf6 5.Nc3 g6 6.Be2 Bg7 7.O-O Nc6 8.Be3 
O-O 9.f3 Qb6 10.Na4 Qa5 11.c3 Bd7 12.Nb5 Rfc8 13.b4 Qd8 14.Rc1 Qe8 15.Qb3 
Ne5 16.c4 Nxc4 17.Rxc4 Bxb5 18.Rxc8 Rxc8 19.Bxb5 Qxb5 20.Bxa7 Nd7 21.Bf2 
Qe2 22.Qd5 Rc2 23.a3 Rd2 24.Qg5 Rd1 0-1

[Event "Rewal 2011 - Open B"]
[Site "Rewal"]
[Date "2011.08.22"]
[Round "3.24"]
[White "Murawko, Katarzyna"]
[Black "Jacel, Lukasz"]
[Result "1/2-1/2"]
[WhiteElo "1796"]
[BlackElo "1979"]
[EventDate "2011.??.??"]
[PlyCount "50"]

1.e4 c5 2.Nf3 Nf6 3.Nc3 Nc6 4.d4 d5 5.exd5 Nxd5 6.Nxd5 Qxd5 7.c4 Qe4+ 8.
Be3 cxd4 9.Nxd4 e5 10.Nb5 Bb4+ 11.Nc3 Bf5 12.Qd2 Bxc3 13.Qxc3 Nd4 14.f3 
Qh4+ 15.Bf2 Qg5 16.h4 Qh6 17.Bd3 O-O 18.O-O Nxf3+ 19.gxf3 Qg6+ 20.Kh2 Bxd3
21.Rg1 Qd6 22.Bg3 f6 23.Qb3 Bf5 24.Qxb7 Qd7 25.Qxd7 Bxd7 1/2-1/2

[Event "Rewal 2011 - Open B"]
[Site "Rewal"]
[Date "2011.08.22"]
[Round "3.25"]
[White "Hasinski, Krystian"]
[Black "Gorol, Jacek"]
[Result "0-1"]
[WhiteElo "1971"]
[BlackElo "1788"]
[EventDate "2011.??.??"]
[PlyCount "56"]

1.d4 Nf6 2.c4 g6 3.Nc3 Bg7 4.e4 d6 5.f4 c5 6.dxc5 Qa5 7.Bd2 Qxc5 8.h3 Nh5 
9.Qf3 Nc6 10.O-O-O Nd4 11.Qd3 e5 12.g4 Nxf4 13.Bxf4 exf4 14.Nd5 Be5 15.Kb1
Be6 16.Nxf4 Rc8 17.Nxe6 fxe6 18.Ne2 Nc6 19.Nc3 Rf8 20.a3 a6 21.Be2 Nd4 22.
Rdf1 Ke7 23.Rxf8 Rxf8 24.b4 Qc7 25.Rd1 a5 26.b5 b6 27.Ka2 Rf2 28.Kb1 Nb3 
0-1

[Event "Rewal 2011 - Open B"]
[Site "Rewal"]
[Date "2011.08.22"]
[Round "3.26"]
[White "Szczecina, Kamil"]
[Black "Poswiatowski, Michal"]
[Result "1-0"]
[WhiteElo "1779"]
[BlackElo "1971"]
[EventDate "2011.??.??"]
[PlyCount "85"]

1.e4 c5 2.Nf3 d6 3.d4 cxd4 4.Nxd4 Nf6 5.Nc3 Bd7 6.f3 e5 7.Nb3 Be7 8.Be3 a5
9.a4 Be6 10.Nd5 Nxd5 11.exd5 Bf5 12.Bd3 Bxd3 13.Qxd3 Nd7 14.O-O O-O 15.f4 
Bf6 16.Rab1 exf4 17.Bxf4 Ne5 18.Qb5 Qc7 19.c3 Nc4 20.Nd2 Nxd2 21.Bxd2 Be5 
22.Bf4 f6 23.c4 Bd4+ 24.Kh1 Ra6 25.Qb3 Be5 26.Be3 f5 27.Qd3 Qd7 28.b3 Raa8
29.Bd4 Rae8 30.Rbe1 Rf6 31.Bxe5 dxe5 32.Qc3 Qc7 33.c5 b6 34.c6 g6 35.Rf2 
Kf7 36.b4 axb4 37.Qxb4 e4 38.Rb2 Rd6 39.Qc4 Rc8 40.Reb1 Rcd8 41.Rxb6 Rxd5 
42.R6b5 Ke6 43.Rd1 1-0

[Event "Rewal 2011 - Open B"]
[Site "Rewal"]
[Date "2011.08.22"]
[Round "3.27"]
[White "Borowicz, Miroslaw"]
[Black "Blasiak, Miroslaw"]
[Result "0-1"]
[WhiteElo "1776"]
[BlackElo "1961"]
[EventDate "2011.??.??"]
[PlyCount "78"]

1.d4 d5 2.c4 e6 3.Nc3 Nf6 4.Bg5 Be7 5.e3 O-O 6.Nf3 h6 7.Bh4 b6 8.Bxf6 Bxf6
9.cxd5 exd5 10.Qb3 Bb7 11.Bd3 Re8 12.O-O c6 13.Rac1 Nd7 14.Rfd1 Nf8 15.Ne2
Rc8 16.Nf4 Ne6 17.Nxe6 fxe6 18.Bb1 Qc7 19.Qd3 g5 20.h4 Qg7 21.hxg5 hxg5 
22.Kf1 e5 23.dxe5 Bxe5 24.Ke2 Bxb2 25.Rh1 Bxc1 26.Rh7 Qb2+ 27.Kd1 Re4 28.
Rxb7 Qxf2 29.Qc3 Bb2 30.Qd3 Qxe3 31.Qxe3 Rxe3 32.Nxg5 Rce8 33.Bh7+ Kh8 34.
Bg6 R8e7 35.Rb8+ Kg7 36.Bf7 Rxf7 37.Nxf7 Kxf7 38.Kd2 Re7 39.Rc8 c5 0-1

[Event "Rewal 2011 - Open B"]
[Site "Rewal"]
[Date "2011.08.22"]
[Round "3.28"]
[White "Szolc, Grzegorz"]
[Black "Aleksandrowicz, Marek"]
[Result "0-1"]
[WhiteElo "1760"]
[BlackElo "1959"]
[EventDate "2011.??.??"]
[PlyCount "102"]

1.e4 c6 2.d4 d5 3.exd5 cxd5 4.c4 Nf6 5.Nc3 Nc6 6.Nf3 Bg4 7.Be3 dxc4 8.Bxc4
e6 9.O-O Be7 10.d5 exd5 11.Nxd5 O-O 12.Nxe7+ Qxe7 13.Be2 Rfd8 14.Qc2 Rac8 
15.Bc5 Qc7 16.Rfc1 Ne5 17.Qb3 Bxf3 18.gxf3 Ng6 19.Be3 Qe7 20.Rxc8 Rxc8 21.
Qd1 Nh5 22.Qa4 Nhf4 23.Bf1 Qg5+ 24.Kh1 Qf6 25.Qd7 Rf8 26.Qxb7 Ne6 27.b3 
Nh4 28.Qe4 Nxf3 29.Be2 Nfg5 30.Qg4 Qe5 31.Bc4 Ne4 32.Bxe6 fxe6 33.f4 Qf6 
34.Kg2 Qf7 35.Kf3 Nf6 36.Qg5 Qb7+ 37.Ke2 h6 38.Qe5 Qg2+ 39.Kd3 Rd8+ 40.Bd4
Nd5 41.Qxe6+ Kh8 42.Qe5 Nb4+ 43.Kc4 Nc6 44.Qc7 Qc2+ 45.Bc3 Qe4+ 46.Kb5 
Rb8+ 47.Kc5 Qf5+ 48.Kxc6 Rb6+ 49.Qxb6 axb6 50.Rd1 Kh7 51.Rd7 Qc5+ 0-1

[Event "Rewal 2011 - Open B"]
[Site "Rewal"]
[Date "2011.08.22"]
[Round "3.29"]
[White "Przytula, Grzegorz"]
[Black "Hagner, Pawel"]
[Result "1/2-1/2"]
[WhiteElo "1955"]
[BlackElo "1781"]
[EventDate "2011.??.??"]
[PlyCount "92"]

1.e4 g6 2.d4 Bg7 3.Nf3 d6 4.Bc4 Nf6 5.Nc3 O-O 6.Be3 Ng4 7.Bg5 c6 8.h3 Nf6 
9.Bb3 Qa5 10.O-O Nbd7 11.Re1 e5 12.dxe5 dxe5 13.Qd6 Re8 14.a3 Qc5 15.Rad1 
Bf8 16.Qd2 Qe7 17.Bh6 Nc5 18.Bxf8 Rxf8 19.Qd6 Re8 20.Qxe7 Rxe7 21.Rd8+ Kg7
22.Ba2 a5 23.a4 b6 24.Nd2 Bb7 25.Rxa8 Bxa8 26.Nc4 Nfd7 27.Ne3 Ne6 28.Bxe6 
Rxe6 29.Rd1 Nf6 30.f3 Bb7 31.Nc4 c5 32.Nd5 Nd7 33.Nc7 Re7 34.Nd5 Re6 35.
Nc7 Re7 36.Nd6 Nf6 37.Ncb5 Bc6 38.Nc4 Bxb5 39.axb5 Rd7 40.Rxd7 Nxd7 41.Kf2
Kf8 42.Ke3 Ke7 43.Kd3 Ke6 44.g4 f6 45.Ne3 Kd6 46.c4 Ke6 1/2-1/2

[Event "Rewal 2011 - Open B"]
[Site "Rewal"]
[Date "2011.08.22"]
[Round "3.30"]
[White "Barburzynska, Magdalena"]
[Black "Orzechowski, Krzysztof"]
[Result "1-0"]
[WhiteElo "1936"]
[BlackElo "1778"]
[EventDate "2011.??.??"]
[PlyCount "77"]

1.e4 c5 2.Nf3 Nc6 3.d4 cxd4 4.Nxd4 d6 5.c4 e5 6.Nc2 Be6 7.Nc3 Nf6 8.Be2 
Be7 9.Be3 a6 10.f3 Nd7 11.Qd2 Qa5 12.O-O O-O 13.b4 Qc7 14.Rac1 f5 15.exf5 
Bxf5 16.Nd5 Qd8 17.Rfd1 Nf6 18.Bb6 Qd7 19.Nxe7+ Qxe7 20.Ne3 Nd7 21.Bc7 Nd4
22.Nd5 Qe6 23.c5 Kh8 24.Bc4 Qg6 25.Kh1 dxc5 26.bxc5 Qc6 27.Bd6 Nxc5 28.
Bxe5 Nde6 29.Ne7 Qa4 30.Qc3 Rad8 31.Rxd8 Rxd8 32.Bxg7+ Nxg7 33.Nxf5 Rd1+ 
34.Bf1 Ne6 35.Nxg7 Rxc1 36.Qxc1 Kxg7 37.Qb2+ Nd4 38.Qxb7+ Kf6 39.Qxa6+ 1-0

[Event "Rewal 2011 - Open B"]
[Site "Rewal"]
[Date "2011.08.22"]
[Round "3.31"]
[White "Starczewska, Dominika"]
[Black "Laszewski, Kazimierz"]
[Result "0-1"]
[WhiteElo "1909"]
[BlackElo "1755"]
[EventDate "2011.??.??"]
[PlyCount "116"]

1.e4 e5 2.Bc4 Nf6 3.d3 d5 4.exd5 Nxd5 5.Qf3 Be6 6.Nc3 c6 7.Qg3 Nd7 8.Nf3 
Nxc3 9.Bxe6 fxe6 10.bxc3 Qf6 11.Bd2 Bc5 12.O-O O-O 13.Rae1 Bd6 14.Ng5 Qg6 
15.Ne4 Qxg3 16.Nxg3 Bc7 17.c4 Rf6 18.Bc3 Raf8 19.Ne4 Rh6 20.h3 Rg6 21.Bb4 
Rb8 22.Bd6 Bxd6 23.Nxd6 Kf8 24.Rb1 b6 25.Rfe1 Ke7 26.Ne4 c5 27.a4 a5 28.
Nd2 Rf6 29.Nf3 Kd6 30.Re4 Rf5 31.Rbe1 Rbf8 32.R4e2 g5 33.Nd2 h6 34.Ne4+ 
Kc6 35.Nc3 Kd6 36.Nb5+ Kc6 37.c3 Rf4 38.g3 R4f6 39.d4 e4 40.Rf1 cxd4 41.
cxd4 e5 42.d5+ Kc5 43.Rxe4 Rf5 44.Nc7 Kd6 45.Ne6 R8f7 46.Re2 Rf3 47.Rb1 
Rc3 48.Re4 Rc2 49.f4 exf4 50.Nd4 Ra2 51.Rf1 Rxa4 52.gxf4 gxf4 53.Ne6 f3 
54.c5+ Kxd5 55.Rxa4 Kxe6 56.cxb6 Nxb6 57.Rxa5 Nc4 58.Kf2 Nxa5 0-1

[Event "Rewal 2011 - Open B"]
[Site "Rewal"]
[Date "2011.08.23"]
[Round "3.32"]
[White "Grzesik, Norbert"]
[Black "Gabryjalowicz, Jakub"]
[Result "1-0"]
[WhiteElo "1901"]
[BlackElo "1749"]
[EventDate "2011.??.??"]
[PlyCount "77"]

1.e4 d5 2.exd5 Nf6 3.Bb5+ Bd7 4.Be2 Bf5 5.c4 c6 6.Qb3 Qd7 7.Nc3 e5 8.dxe6 
Bxe6 9.Nf3 Bc5 10.O-O O-O 11.Rd1 Na6 12.d4 Be7 13.Bf4 Bf5 14.Ne5 Qc8 15.h3
h6 16.a3 Rd8 17.Rd2 g5 18.Be3 c5 19.Bf3 Rb8 20.Nd5 Nxd5 21.Bxd5 Be6 22.
dxc5 Nxc5 23.Bxc5 Bxc5 24.Qf3 Qc7 25.Ng4 Bxg4 26.Qxg4 Qe7 27.Qf5 Re8 28.
Qg6+ Kf8 29.Qxh6+ Kg8 30.Qg6+ Kf8 31.Qh6+ Kg8 32.Rad1 Bb6 33.b4 Bc7 34.g3 
Rbd8 35.Rd4 Bxg3 36.Bxf7+ Qxf7 37.Qxg5+ Kh7 38.Qxg3 Rg8 39.Rh4+ 1-0

[Event "Rewal 2011 - Open B"]
[Site "Rewal"]
[Date "2011.08.22"]
[Round "3.33"]
[White "Borawski, Jakub"]
[Black "Beczala, Pawel"]
[Result "1-0"]
[WhiteElo "1897"]
[BlackElo "1730"]
[EventDate "2011.??.??"]
[PlyCount "67"]

1.e4 e6 2.d4 d5 3.Nc3 Bb4 4.Qd3 Bxc3+ 5.bxc3 dxe4 6.Qxe4 Nf6 7.Qh4 a6 8.
Nf3 b6 9.Ne5 Bb7 10.Qg3 Nh5 11.Qh3 g6 12.Be2 Ng7 13.Bf3 c6 14.Ba3 Nf5 15.
Be4 Qc7 16.Qf3 f6 17.Nc4 Kf7 18.g4 Ne7 19.Bd6 Qd8 20.Be5 Bc8 21.g5 Nd7 22.
gxf6 b5 23.Bxc6 Nxc6 24.Qxc6 Ra7 25.Qxc8 bxc4 26.Qxc4 Nxe5 27.dxe5 Qa5 28.
Qd4 Rb7 29.O-O Rf8 30.Qe3 Rc8 31.Rfb1 Rbc7 32.Rb3 Rxc3 33.Qh6 Qxe5 34.Qg7+
1-0

[Event "Rewal 2011 - Open B"]
[Site "Rewal"]
[Date "2011.08.22"]
[Round "3.34"]
[White "Klimek, Piotr"]
[Black "Luka, Krzysztof"]
[Result "1-0"]
[WhiteElo "1699"]
[BlackElo "1873"]
[EventDate "2011.??.??"]
[PlyCount "101"]

1.e4 g6 2.d4 d6 3.Nc3 Nf6 4.f3 c6 5.Be3 Nbd7 6.g4 b5 7.g5 Nh5 8.f4 h6 9.
Qf3 Qa5 10.Bd2 b4 11.Nce2 hxg5 12.fxg5 Qb6 13.O-O-O Bg7 14.Be3 c5 15.Bh3 
c4 16.Rf1 Rf8 17.Bg4 b3 18.cxb3 Qa6 19.Nc3 cxb3 20.a3 Bb7 21.Qe2 Qa5 22.
Qd2 Nb6 23.Be2 Rc8 24.Bd3 Nc4 25.Bxc4 Rxc4 26.Kd1 Rxc3 27.Qxc3 Qxc3 28.
bxc3 Bxe4 29.Nf3 b2 30.Ke2 Kd7 31.Rhg1 b1=Q 32.Rxb1 Bxb1 33.Rxb1 Kc6 34.
Kd3 Re8 35.c4 e5 36.dxe5 dxe5 37.Kc2 Re7 38.Rb5 Nf4 39.Ra5 Nh3 40.Bxa7 e4 
41.Nd4+ Bxd4 42.Bxd4 e3 43.Ra6+ Kd7 44.Ra7+ Kd6 45.Rxe7 Kxe7 46.Bxe3 f5 
47.gxf6+ Kxf6 48.a4 Ke6 49.a5 Kd7 50.a6 Kc6 51.c5 1-0

[Event "Rewal 2011 - Open B"]
[Site "Rewal"]
[Date "2011.08.22"]
[Round "3.35"]
[White "Wrobel, Maciej"]
[Black "Gotin, Evgeniy"]
[Result "1-0"]
[WhiteElo "1868"]
[BlackElo "1715"]
[EventDate "2011.??.??"]
[PlyCount "29"]

1.e4 c5 2.Nf3 g6 3.d4 cxd4 4.Qxd4 Nf6 5.Nc3 Nc6 6.Qa4 Bg7 7.e5 Ng8 8.Bf4 
Nh6 9.h3 Qb6 10.O-O-O Qxf2 11.Nd5 b5 12.Bxb5 Rb8 13.Rd2 Qc5 14.Bxc6 Qxc6 
15.Qxc6 1-0

[Event "Rewal 2011 - Open B"]
[Site "Rewal"]
[Date "2011.08.22"]
[Round "3.36"]
[White "Kuspak, Aleksander"]
[Black "Graczyk, Natalia"]
[Result "1-0"]
[WhiteElo "1862"]
[BlackElo "1672"]
[EventDate "2011.??.??"]
[PlyCount "57"]

1.e4 c6 2.d4 d5 3.e5 Bf5 4.Ne2 e6 5.Ng3 Bg6 6.h4 h6 7.h5 Bh7 8.Bd3 Bxd3 9.
cxd3 Nd7 10.f4 Qb6 11.Ne2 Rc8 12.O-O c5 13.dxc5 Nxc5 14.d4 Ne4 15.Nbc3 
Nxc3 16.bxc3 Rc4 17.Qd3 Ne7 18.Rb1 Qc7 19.Bd2 f5 20.exf6 gxf6 21.f5 Nxf5 
22.Rbe1 Rc6 23.Rxf5 exf5 24.Nf4+ Kf7 25.Qxf5 Rg8 26.Qxd5+ Kg7 27.Ne6+ Rxe6
28.Qxe6 Qf7 29.Bxh6+ 1-0

[Event "Rewal 2011 - Open B"]
[Site "Rewal"]
[Date "2011.08.22"]
[Round "3.37"]
[White "Baryla, Lukasz"]
[Black "Wacior, Maciej"]
[Result "0-1"]
[WhiteElo "1860"]
[BlackElo "1664"]
[EventDate "2011.??.??"]
[PlyCount "48"]

1.e4 c6 2.d4 d5 3.exd5 cxd5 4.Bd3 Nf6 5.c3 Bg4 6.Qb3 Qc7 7.Be3 e6 8.Nd2 
Nc6 9.Ngf3 Bd6 10.Bg5 Nd7 11.Qc2 h6 12.Bh4 Be7 13.Bxe7 Nxe7 14.h3 Bh5 15.
O-O Bg6 16.Rfe1 O-O 17.Ne5 Nxe5 18.Rxe5 Nf5 19.Nf3 Nxd4 20.Nxd4 Bxd3 21.
Qxd3 Qxe5 22.Kf1 a6 23.Re1 Qc7 24.Re3 Qc4 0-1